समेकित बाल विकास योजनाःएक मूल्यांकन (Record no. 1600)

MARC details
000 -LEADER
fixed length control field 01213 a2200217 4500
005 - DATE AND TIME OF LATEST TRANSACTION
control field 20080909164358.0
008 - FIXED-LENGTH DATA ELEMENTS--GENERAL INFORMATION
fixed length control field 080909t xxu||||| |||| 00| 0 hin d
010 ## - LIBRARY OF CONGRESS CONTROL NUMBER
LC control number HIN-79347
020 ## - INTERNATIONAL STANDARD BOOK NUMBER
International Standard Book Number 8186771530
Terms of availability 195.00
035 ## - SYSTEM CONTROL NUMBER
System control number HN-51693
037 ## - SOURCE OF ACQUISITION
Source of stock number/acquisition D.B.Act / pub
082 ## - DEWEY DECIMAL CLASSIFICATION NUMBER
Classification number 362.7
100 ## - MAIN ENTRY--PERSONAL NAME
Personal name कटियार, श्रद्धा
245 ## - TITLE STATEMENT
Title समेकित बाल विकास योजनाःएक मूल्यांकन
Statement of responsibility, etc श्रद्धा कटियार
246 ## - VARYING FORM OF TITLE
Title proper/short title Samekit bal vikas yojana; ek mulyankan
Remainder of title by Shradha Katiyar
260 ## - PUBLICATION, DISTRIBUTION, ETC. (IMPRINT)
Place of publication, distribution, etc नई दिल्ली
Name of publisher, distributor, etc सीरीयल्स पब्लिकेशन्स
Date of publication, distribution, etc 2005
270 ## - ADDRESS
Address 4830/24, प्रहलाद गली, अंसारी रोड,दरियागंज
City नई दिल्ली
Postal code 110002
Electronic mail address serials@satyam.net.in
Telephone number 23245225
Fax number 91-11-23272135
300 ## - PHYSICAL DESCRIPTION
Extent x,198पृ
Other physical details 22 सेमी (सजिल्द)
942 ## - ADDED ENTRY ELEMENTS (KOHA)
Institution code [OBSOLETE] dpl
Koha item type Hindi Books
Call number prefix 362.7 / कटिया
Source of classification or shelving scheme Dewey Decimal Classification
Classification part 362.7
Call number suffix कटिया
Holdings
Withdrawn status Lost status Damaged status Not for loan Home library Current library Date acquired Cost, normal purchase price Total Checkouts Full call number Barcode Date last seen Copy number Uniform Resource Identifier Cost, replacement price Price effective from Koha item type
        D.B.Act.Division D.B.Act.Division 09/09/2008 195.00   362.7 कटिया HN-51693 15/09/2008 1 1680 195.00 15/09/2008 Hindi Books

© Delhi Public Library
Hit Counter
free hit counter